Представление документа в формате RUSMARC

ПолеНазваниеЗначение
  Тип записи a
  Библиографический уровень a
001 Контрольный номер RU/УОНБ/EK_Kray/553964197
005 Дата корректировки 20240131004949.1
100 Данные общей обработки __
a Данные общей обработки 20170721d2017 ||| 0rusy0189 ca
101 Язык документа 0_
a Язык текста rus
102 Страна публикации __
a Страна публикации RU
105 Кодированные данные (монография) __
a Кодированные данные (монография) y###||||000|y
200 Заглавие и сведения об ответственности 1_
a Заглавие На изломе речи
e Сведения, относящиеся к заглавию стихи
f Первые сведения об ответственности Павел Гринберг
215 Физическое описание __
c Иллюстрации/тип воспроизводства 1 портр.
327 Примечание о содержании 1_
a Примечание о содержании Пока вещи погружены во внешность ...
327 Примечание о содержании 11
a Примечание о содержании Быт
327 Примечание о содержании 11
a Примечание о содержании Извне
327 Примечание о содержании 11
a Примечание о содержании Высвобождение
327 Примечание о содержании 11
a Примечание о содержании Порой проявляется связь, которая так огромна. Которая ...
327 Примечание о содержании 11
a Примечание о содержании Истоки
327 Примечание о содержании 11
a Примечание о содержании Если за всеми своими прошлыми перемещениями ...
327 Примечание о содержании 11
a Примечание о содержании Записка пространству
327 Примечание о содержании 11
a Примечание о содержании Неравномерные секунды
327 Примечание о содержании 11
a Примечание о содержании Такова печаль невосполнимого пространства
327 Примечание о содержании 11
a Примечание о содержании Моя ночь
327 Примечание о содержании 11
a Примечание о содержании В особняке
327 Примечание о содержании 11
a Примечание о содержании Те, кого я выслеживал
461 Уровень набора _0
1 001RU/УОНБ/EK/432749072
1 2001
a Симбирскъ
e лит. журн.
v № 11 (41)
1 2101
a Ульяновск
c МедиаЦентр
d 2016
463 Уровень физической единицы _0
1 001RU/УОНБ/EK/534442372
1 2000
a № 11 (41)
v С. 89-92
610 Ключевые слова 0_
a Ключевые слова стихи
686 Индексы других классификаций __
a Классификационный индекс 84-5
2 Код системы rubbk
700 Автор _1
a Фамилия Гринберг
b Имя (инициалы) П.
g Полное личное имя Павел
4 Код отношения 070
801 Источник записи _0
a Страна RU
b Организация Ульяновская ОНБ
c Дата составления 20170721
g Правила каталогизации RCR
801 Источник записи _1
a Страна RU
b Организация Ульяновская ОНБ
c Дата составления 20170721
g Правила каталогизации RCR
901 Тип документа __
t Тип документа c
w Контрольный № источника RU/УОНБ/EK/534442372
909 Создатель записи __
a Создатель записи Бороденкова
938 Служебная информация __
a Имя БД kraeved_work
b Имя библиотеки УОНБ
c Имя АИБС МАРК-SQL
d Номер DOC_ID в БД 128180